Hunger Games - Devine le personnage par sa mort - Statistiques

Statistiques générales
  • Ce quiz a été pris 382 fois
    314 depuis la dernière actualisation
  • Le résultat moyen est 9 sur 18
Statistiques - réponses
Tué/e par... % Correct
Des bombes-parachutes Primrose
90%
Des mutations dans les égouts Finnick Odair
86%
Une flèche en place public Alma Coin
82%
Des mutations (chien ou serpent) Thresh / Cato / Clemensia Dovecote / Wovey / Mizzen / Reaper Ash / Coral
82%
Attaqué par la foule Coriolanus Snow
81%
Une lance Rue
78%
Des baies de sureau mortel dans l'arène La Renarde
77%
Des guêpes mutantes Glimmer
68%
Un rocher dans la tête Clove
62%
Une explosion dans une mine Père de Katniss
58%
Des bais de sureau mortel par le Gouvernement Seneca Crane
58%
Une flèche dans l'arène Marvel
50%
De la mort-aux-rats Wovey / Reaper / Treech / Dill
13%
Son tribut Arachne Crane
11%
Un drone Jessup Diggs
9%
Un trident Panlo / Circ / Sol / Lamina / Tanner
7%
Des pacificateurs Brandy / Velvereen / Shot / Facet
2%
Un couteau Teslee / Hy
2%
Aucun quiz correspondant
Distribution des résultats
% des personnes avec chaque résultat
Percentile par nombre de réponses
Votre historique - résultats
Vous n’avez pas pris ce quiz depuis la dernière actualisation